00752 2200181 4500245004400000020001800044250001100062100002300073700001700096650001600113005001900129260002800148041001400176084000800190300002300198500034000221336000900561 aRun - DezvouscChristia DharmawanhText a9789797597238 aCet. 1 aChristia Dharmawan aDiane Novita aNovel Fiksi a20231003144056 aJakartabGrasindoc2007 aIndonesia a813 a181 hlm. :c19 cm. aIbu benar. Aku telah menemukan cinta sejatiku. Dan, aku sangat bahagia. Takdirkah yang menentukan bahwa aku dan ibu akan mencintai orang yang sama. Tapi, aku tak mau menganggap Ibu sebagai saingan. Ibu adalah orang yang hebat. Beliau mampu mengatasi segala cobaan dalam hidupnya. Beliau wanita yang tegar. Dan aku sangat menyayangi Ibu atext